| 000 | 00625aam a2200253 4500 | ||
|---|---|---|---|
| 005 | 20260325182200.0 | ||
| 008 | 150717b1974 xxu||||| |||| 00| 0 spa d | ||
| 020 | _a8425409411 | ||
| 041 | _aESP | ||
| 082 | _a364.36 D289n | ||
| 100 |
_aDebuyst, Ch _914371 |
||
| 100 |
_aJoos, J _914372 |
||
| 245 | _aEl niño y el adolescente ladrones | ||
| 260 | _aEspaña | ||
| 260 | _bHerder | ||
| 260 | _c1974 | ||
| 300 | _a227 páginas | ||
| 490 | _aInvestigación Criminal | ||
| 650 | _aDELINCUENCIA JUVENIL | ||
| 650 | _aPSICOLOGÍA CRIMINAL | ||
| 650 | _aROBO PATOLÓGICO | ||
| 650 | _aNIÑOS LADRONES | ||
| 942 |
_cBK _2ddc |
||
| 999 |
_c67 _d67 |
||